• 首页
  • 本馆介绍
  • 公告通知
  • 最新文献
  • 馆藏检索
  • 电子资源
  • 读者导购
  • 参考咨询
  • 我的图书馆
  • 登录
  • 详细信息显示
  • 放入我的书架
  • 预约/预借图书
  • 作者相关作品
  • 分类相关作品
  • 丛书相关作品
  • 出版社相关作品

书目信息

  • 表格格式
  • 工作单格式
  • 卡片格式
题名:
死亡黑洞
    
 
作者: 泰森 著 ;姜田 译
分册:  
出版信息: 长沙   湖南科学技术出版社  2018
页数: 17,376页
开本: 22cm
丛书名: 第一推动丛书
单 册:
中图分类: P145.8-49
科图分类:
主题词: 黑洞--普及读物
电子资源:
ISBN: 978-7-5357-9446-8
000 01081oam2 2200277 450
001 3450
005 20180527160112.82
010    @a978-7-5357-9446-8@dCNY59.00
100    @a20180315d2018 em y0chiy50 ea
101 1  @achi@ceng
102    @aCN@b430000
105    @ay z 001yy
200 1  @a死亡黑洞@9si wang hei dong@dDeath by black hole@f(美)尼尔·德格拉斯·泰森(Neil deGrasse Tyson)著@g姜田译@zeng
210    @a长沙@c湖南科学技术出版社@d2018
215    @a17,376页@d22cm
225 2  @a第一推动丛书@i宇宙系列@v14
330    @a本书集结了四十余篇作者最精彩的探讨宇宙话题的文章,包括宇宙生物学前沿的星际生命问题。作者通过描绘人体进入黑洞以后的故事,向我们揭示了黑洞的奥秘;通过回顾历史上科学与宗教的无谓冲突,讲述了地球从宇宙中心到无名小卒的故事。
461  0 @12001 @a第一推动丛书
462  0 @12001 @a宇宙系列
510 1  @aDeath by black hole@zeng
606 0  @a黑洞@j普及读物
690    @aP145.8-49@v5
701  0 @c(美)@a泰森@9tai sen@c(Tyson, Neil deGrasse)@4著
702  0 @a姜田@9jiang tian@4译
801  0 @aCN@b91MARC@c20180315
905    @aMuseLib@dP145.8-49@e212
    
    死亡黑洞=Death by black hole/(美)尼尔·德格拉斯·泰森(Neil deGrasse Tyson)著/姜田译.-长沙:湖南科学技术出版社,2018
    17,376页;22cm.-(第一推动丛书.宇宙系列;14)
    
    
    ISBN 978-7-5357-9446-8:CNY59.00
    本书集结了四十余篇作者最精彩的探讨宇宙话题的文章,包括宇宙生物学前沿的星际生命问题。作者通过描绘人体进入黑洞以后的故事,向我们揭示了黑洞的奥秘;通过回顾历史上科学与宗教的无谓冲突,讲述了地球从宇宙中心到无名小卒的故事。
●
相关链接 在E读中查询图书 在五车中查询图书 在当当中查询图书 在豆瓣中查询图书


正题名:死亡黑洞     索取号:P145.8-49/212         预约/预借

序号 登录号 条形码 馆藏地/架位号 状态 备注
1 1109244   211092440   第二样本阅览室/ [索取号:P145.8-49/212] 在馆    
2 1109245   211092459   教育系资料室/ [索取号:P145.8-49/212] 在馆    
3 1109246   211092468   教育系资料室/ [索取号:P145.8-49/212] 在馆    
4 1109247   211092477   第三借阅区/ [索取号:P145.8-49/212] 在馆    
唐山师范学院图书馆 欢迎您!
大连网信软件有限公司© 版权所有